000 00421nam a2200181Ia 4500
001 1552
005 20260306143737.0
008 260306t2005||||xx |||||||||||||| ||spa||
041 _aESP
082 _a150.9
_bL33
100 _aLeahey, Thomas Hardy
_eAUT
245 0 _aHistoria de la PsicologĂ­a
260 _c2005
300 _a525 páginas :
_c25 cm.
650 _aGEN
654 _aCPS
942 _cLIB
_dJUS
_fJUS
_2ddc
_n
999 _c1552
_d1552